| 000 | 00499nam a2200157Ia 4500 | ||
|---|---|---|---|
| 003 | SGT | ||
| 020 | _a9788185749792 | ||
| 082 | _a621.815,GIL | ||
| 100 | _aGILL,P.S. | ||
| 245 | _aMachine drawing | ||
| 260 |
_bS.K. Kataria & SONS _aN.Delhi _c2011 |
||
| 300 | _a709p. | ||
| 650 | _aMECHANICAL ENGINEERING | ||
| 653 | _aDRAFTING EQUIPMENT,CONVENTIONAL LINES,DRAWING SHEETS-THEIR LAYOUT AND PANNING.TECHNICAL LETTERING,ISOMETRIC PROJECTION,PULLEYS,STEAM ENGINE PARTS,SHAFT COUPLINGS | ||
| 942 |
_2ddc _cBK |
||
| 999 |
_c5244 _d5244 |
||